ARRUPE JESUIT UNIVERSITY

CORONAVIRUS -STOP THE SPREAD - CLEAN,DISINFECT,COVER

Prayer (Record no. 119353)

MARC details
000 -LEADER
fixed length control field 00378nam a22001337a 4500
005 - DATE AND TIME OF LATEST TRANSACTION
control field 20131219122700.0
008 - FIXED-LENGTH DATA ELEMENTS--GENERAL INFORMATION
fixed length control field 131219b xxu||||| |||| 00| 0 eng d
050 ## - LIBRARY OF CONGRESS CALL NUMBER
Classification number BV210.2
Item number B763 1979
100 ## - MAIN ENTRY--PERSONAL NAME
Personal name Boulding, Maria
9 (RLIN) 5958
245 ## - TITLE STATEMENT
Title Prayer
Remainder of title our journey home
Statement of responsibility, etc Boulding, Maria
260 ## - PUBLICATION, DISTRIBUTION, ETC. (IMPRINT)
Place of publication, distribution, etc Michigan
Name of publisher, distributor, etc Servant Books
Date of publication, distribution, etc 1979
300 ## - PHYSICAL DESCRIPTION
Extent 116p. ;
Dimensions 21cm.
942 ## - ADDED ENTRY ELEMENTS (KOHA)
Source of classification or shelving scheme Library of Congress Classification
Item type Monograph ( Printed materials)
Holdings
Withdrawn status Lost status Source of classification or shelving scheme Damaged status Not for loan Collection code Home library Current library Shelving location Date acquired Total Checkouts Full call number Barcode Date last seen Price effective from Koha item type
    Library of Congress Classification     Main Collection ARRUPE LIBRARY ARRUPE LIBRARY Main Collection 19/12/2013   BV210.2 B763 1979 46407573 24/01/2017 19/12/2013 Monograph ( Printed materials)

 

Arrupe Library. PO Box MP320 Mt Pleasant, Harare, Zimbabwe
263 242 745411|librarian@aju.ac.zw